De Mozart en Beethoven: ensayo sobre la noción de profundidad en la música

Na minha lista:
Detalhes bibliográficos
Autor principal: Rohmer, Eric (Author)
Formato: Livro
Idioma:espanhol
Publicado em: Madrid Ardora 2005
Edição:1a. ed
Assuntos:
Tags: Adicionar Tag
Sem tags, seja o primeiro a adicionar uma tag!

MARC

LEADER 00000cam a2200000 a 4500
001 UCD3452
003 CL-VaPUC
005 20240628151638.0
008 160603e20050000sp |||||||||||||||||spa|d
999 |c 364488  |d 364486 
020 |a 8488020252 
040 |c Pontificia Universidad Católica de Valparaíso 
082 0 4 |a 781.17  |b ROH  |2 21 
100 0 |a Rohmer, Eric  |e author  |9 586942 
245 1 0 |a De Mozart en Beethoven: ensayo sobre la noción de profundidad en la música 
250 |a 1a. ed 
260 |a Madrid  |b Ardora  |c 2005 
300 |a 244 p 
583 |a last modification  |c 20160603 11:43:00  |k Rodrigo Vera 
600 0 |a Mozart, Wolfgang Amadeus  |d 1756-1791  |9 869087 
600 0 |a Beethoven, Ludwig van  |d 1770​-1827  |e compositor  |9 306286 
650 0 |a Música  |9 306269 
650 0 |a Apreciación musical  |9 306325 
650 0 |a Estética   |9 264950 
942 |c BK  |2 ddc 
945 |d 20160603 11:43:00  |a arojas